Beliefs | 3 | 2 | 1 | 0 | 60 | 7 | 62.60 | 4 | 5 |
Fine Arts - Auditory Fine Arts | 0 | 2 | 0 | 0 | 20 | 101 | 107.50 | 1 | 2 |
Philosophy | 0 | 2 | 0 | 0 | 20 | 88 | 108.50 | 0 | 2 |
World and Other Literature | 0 | 1 | 0 | 0 | 10 | 148 | 148.00 | 0 | 1 |
Social Science | 0 | 1 | 0 | 0 | 10 | 123 | 123.00 | 0 | 1 |
Literature - British Literature | 0 | 1 | 0 | 0 | 10 | 122 | 122.00 | 0 | 1 |
Literature - European Literature | 0 | 1 | 0 | 0 | 10 | 90 | 90.00 | 0 | 1 |
Science - Physics | 0 | 1 | 0 | 0 | 10 | 120 | 120.00 | 0 | 1 |
Other Arts: Auditory | 0 | 1 | 0 | 0 | 10 | 126 | 126.00 | 0 | 1 |
Science - Chemistry | 0 | 1 | 0 | 0 | 10 | 73 | 73.00 | 0 | 1 |
Fine Arts - Visual Fine Arts | 0 | 1 | 0 | 0 | 10 | 103 | 103.00 | 0 | 1 |
Geography | 0 | 1 | 0 | 0 | 10 | 85 | 85.00 | 1 | 1 |
Ancient History and Archaeology | 0 | 1 | 1 | 0 | 5 | 104 | 104.00 | 1 | 1 |
Other Science: Math | 0 | 0 | 0 | 0 | 0 | | 0.00 | 0 | 0 |
Science - Biology | 0 | 0 | 0 | 0 | 0 | | 0.00 | 0 | 0 |
Literature - American Literature | 0 | 0 | 0 | 0 | 0 | | 0.00 | 0 | 0 |
History - World History | 0 | 0 | 0 | 0 | 0 | | 0.00 | 0 | 0 |
Other Science: Earth Science | 0 | 0 | 1 | 0 | -5 | | 0.00 | 0 | 0 |
Other Academic | 0 | 0 | 1 | 0 | -5 | | 0.00 | 0 | 0 |